[Event "North American-ch U20"]
[Site "Kitchener CAN"]
[Date "2014.08.03"]
[Round "7.14"]
[White "Peng, Jackie"]
[Black "Surya, Benito"]
[Result "1/2-1/2"]
[WhiteElo "2015"]
[BlackElo "1586"]
[PlyCount "145"]
[EventDate "2014.07.31"]
[EventType "swiss"]
[EventRounds "9"]
[EventCountry "CAN"]

1. e4 e5 2. Nf3 d6 3. d4 exd4 4. Nxd4 Nf6 5. Nc3 Nbd7 6. Be3 Be7 7. f3 O-O 8.
Qd2 c5 9. Nf5 Ne5 10. Nxe7+ Qxe7 11. O-O-O b6 12. Qxd6 Qxd6 13. Rxd6 Be6 14.
Be2 Nc4 15. Bxc4 Bxc4 16. Rhd1 Rfc8 17. R6d2 Kf8 18. e5 Ne8 19. Ne4 Be6 20. Ng5
Bf5 21. g4 Bg6 22. f4 f5 23. h3 h5 24. gxf5 Bxf5 25. Bf2 Nc7 26. Bh4 Ne6 27.
Nxe6+ Bxe6 28. Rd3 Kf7 29. Rf3 g6 30. Bf6 c4 31. Rd6 b5 32. Kd2 Rc5 33. Ke3 Rd5
34. Bg5 Re8 35. Ra6 Ra8 36. Ke2 Rd7 37. Bh4 Rb8 38. Bf2 Rbb7 39. Bc5 Rdc7 40.
Bd6 Rd7 41. Ke3 Bf5 42. c3 Rb6 43. Rxb6 axb6 44. a3 Ke6 45. Kf2 Be4 46. Re3 Bf5
47. Kg3 Bc2 48. Kh4 Bf5 49. Kg5 Rh7 50. Kh4 Rd7 51. Kg3 Bc2 52. Re1 Bf5 53. Kh4
Bd3 54. Ra1 Bf5 55. Kg3 Bd3 56. Kf2 Bf5 57. h4 Bd3 58. Ke3 Bc2 59. Kd4 Bd3 60.
b3 Rf7 61. Ke3 Rd7 62. bxc4 Bxc4 63. Rg1 Rg7 64. Rg5 Bb3 65. f5+ Kf7 66. f6 Rg8
67. Kd4 Rc8 68. Bb4 Rc4+ 69. Ke3 Rxh4 70. Rg1 Bd5 71. Bd6 Rh3+ 72. Kd2 Rh2+ 73.
Kd3 1/2-1/2

[Event "North American-ch U20"]
[Site "Kitchener CAN"]
[Date "2014.08.03"]
[Round "7.15"]
[White "Li, Yinshi"]
[Black "Peng, Janet"]
[Result "1-0"]
[WhiteElo "1928"]
[BlackElo "1655"]
[PlyCount "85"]
[EventDate "2014.07.31"]
[EventType "swiss"]
[EventRounds "9"]
[EventCountry "CAN"]

1. d4 e6 2. c4 Bb4+ 3. Bd2 Bxd2+ 4. Qxd2 Nf6 5. Nc3 O-O 6. Nf3 b6 7. g3 Bb7 8.
Bg2 d6 9. O-O c5 10. Rad1 Qe7 11. Rfe1 Nc6 12. e4 cxd4 13. Nxd4 Nxd4 14. Qxd4
Rfd8 15. b3 e5 16. Qd2 a6 17. Re3 Rd7 18. Rd3 Rad8 19. f3 Ne8 20. Qe3 b5 21.
cxb5 axb5 22. Bh3 Rc7 23. Nxb5 Rc2 24. R3d2 Rxd2 25. Qxd2 Ba6 26. Nc3 Nf6 27.
b4 Bc4 28. Bf1 Bxf1 29. Kxf1 h6 30. a4 Ne8 31. a5 Qb7 32. b5 Nc7 33. Qd3 Ne6
34. Qd5 Qc7 35. Qc6 Qxa5 36. b6 Qa6+ 37. Qb5 Qb7 38. Nd5 Nd4 39. Qd3 Ra8 40.
Rc1 Qd7 41. g4 Nc6 42. Rxc6 Qxc6 43. Ne7+ 1-0

[Event "North American-ch U20"]
[Site "Kitchener CAN"]
[Date "2014.08.03"]
[Round "7.17"]
[White "Ming, Wenyang"]
[Black "Chen, Richard"]
[Result "1-0"]
[WhiteElo "1782"]
[BlackElo "1881"]
[PlyCount "97"]
[EventDate "2014.07.31"]
[EventType "swiss"]
[EventRounds "9"]
[EventCountry "CAN"]

1. d4 Nf6 2. c4 c5 3. d5 b5 4. cxb5 a6 5. bxa6 g6 6. g3 Bxa6 7. b3 d6 8. Bg2
Bg7 9. Bb2 Nbd7 10. Nh3 Nb6 11. O-O O-O 12. Re1 Bb7 13. Nf4 h6 14. h4 Ra6 15.
a4 Qa8 16. e4 c4 17. Bf1 Rc8 18. Bd4 Rc7 19. Na3 e5 20. dxe6 Bxe4 21. Nxc4 Nc8
22. exf7+ Rxf7 23. Nd2 Bb7 24. Ne6 Ra5 25. Nd8 Rf8 26. Nxb7 Qxb7 27. Bg2 Qf7
28. b4 Rf5 29. Qb3 d5 30. Re2 Ng4 31. Bxg7 Kxg7 32. Qc3+ Kh7 33. f3 Nf6 34. Bh3
d4 35. Qc1 d3 36. Rf2 Nd6 37. Bxf5 Nxf5 38. Nf1 Nd4 39. Raa2 Nd5 40. Qc5 Nxf3+
41. Kh1 Qf5 42. Nh2 Rc8 43. Rxf3 Qe6 44. Qd4 Nc3 45. Raf2 Rc7 46. Rf8 Qc6+ 47.
Kg1 Rg7 48. Qxg7+ Kxg7 49. R2f7# 1-0

[Event "North American-ch U20"]
[Site "Kitchener CAN"]
[Date "2014.08.03"]
[Round "7.19"]
[White "Zhao, Yue Tong (Davy)"]
[Black "Zotkin, Daniel"]
[Result "0-1"]
[WhiteElo "1910"]
[BlackElo "1778"]
[PlyCount "64"]
[EventDate "2014.07.31"]
[EventType "swiss"]
[EventRounds "9"]
[EventCountry "CAN"]

1. e4 c5 2. Nf3 Nc6 3. d4 cxd4 4. Nxd4 e5 5. Nb5 d6 6. N1c3 a6 7. Na3 b5 8. Nd5
Nce7 9. c4 Nxd5 10. exd5 bxc4 11. Nxc4 Nf6 12. Be3 Rb8 13. Rc1 Bf5 14. Qa4+ Bd7
15. Qd1 Be7 16. a4 O-O 17. Be2 Rb4 18. b3 Qb8 19. Rb1 Bxa4 20. Bb6 Bb5 21. Ba5
Bxc4 22. Bxc4 Rb7 23. b4 Ra7 24. O-O Bd8 25. Bxd8 Rxd8 26. f4 Qb6+ 27. Kh1 Rc8
28. Qe2 e4 29. Rfc1 Rac7 30. Qf1 Ng4 31. Bxa6 Nf2+ 32. Qxf2 Rxc1+ 0-1

[Event "North American-ch U20"]
[Site "Kitchener CAN"]
[Date "2014.08.03"]
[Round "8.1"]
[White "Tang, Andrew"]
[Black "Bora, Safal"]
[Result "1-0"]
[WhiteElo "2258"]
[BlackElo "2244"]
[PlyCount "67"]
[EventDate "2014.07.31"]
[EventType "swiss"]
[EventRounds "9"]
[EventCountry "CAN"]

1. d4 Nf6 2. c4 g6 3. f3 Nc6 4. d5 Ne5 5. e4 d6 6. Nc3 Bg7 7. f4 Ned7 8. Nh3
O-O 9. Be2 Nc5 10. Nf2 e6 11. O-O exd5 12. cxd5 Re8 13. Bf3 b5 14. Re1 b4 15.
Nb5 Qd7 16. Nd4 Nxd5 17. Nb3 Nxb3 18. axb3 Nb6 19. e5 d5 20. Be3 Qe7 21. Nd3
Be6 22. Bc5 Qd7 23. Bxb4 Qd8 24. Bc5 a5 25. Qd2 Bf5 26. Nf2 c6 27. Rec1 g5 28.
Bd6 Bd7 29. fxg5 a4 30. bxa4 Nc4 31. Rxc4 dxc4 32. Ne4 Qa5 33. Bb4 Qd5 34. Nf6+
1-0

[Event "North American-ch U20"]
[Site "Kitchener CAN"]
[Date "2014.08.03"]
[Round "8.3"]
[White "Kleinman, Michael"]
[Black "Sohal, Tanraj"]
[Result "1-0"]
[WhiteElo "2278"]
[BlackElo "2186"]
[PlyCount "83"]
[EventDate "2014.07.31"]
[EventType "swiss"]
[EventRounds "9"]
[EventCountry "CAN"]

1. e4 c5 2. Nf3 e6 3. b3 Nc6 4. Bb2 a6 5. g3 d5 6. exd5 Qxd5 7. Nc3 Qd8 8. Bg2
Nf6 9. O-O Be7 10. Ne2 O-O 11. d4 cxd4 12. Nexd4 Nxd4 13. Qxd4 Qc7 14. c4 Bd7
15. Ne5 Bc6 16. Nxc6 bxc6 17. Qe3 Rad8 18. Be5 Qc8 19. Bc3 c5 20. Ba5 Rd4 21.
Rad1 Rxd1 22. Rxd1 Nd7 23. Qe4 Bf6 24. Rd6 Nb8 25. Qa8 Be7 26. Rd3 Bf6 27. Bb7
Qe8 28. Bc7 g6 29. Qa7 Be7 30. Bxa6 Nc6 31. Qb7 Nb4 32. Bb5 Qa8 33. Qxa8 Rxa8
34. Rd7 Bf6 35. a4 Bd4 36. Rd8+ Rxd8 37. Bxd8 Nd3 38. a5 Be5 39. a6 Bb8 40. Bb6
Nc1 41. Bxc5 Nxb3 42. a7 1-0

[Event "North American-ch U20"]
[Site "Kitchener CAN"]
[Date "2014.08.03"]
[Round "8.4"]
[White "Song, Edward"]
[Black "Nasir, Zehn"]
[Result "1-0"]
[WhiteElo "2258"]
[BlackElo "1918"]
[PlyCount "101"]
[EventDate "2014.07.31"]
[EventType "swiss"]
[EventRounds "9"]
[EventCountry "CAN"]

1. e4 c6 2. d4 d5 3. e5 Bf5 4. Be3 e6 5. Nd2 Bg6 6. Be2 Nh6 7. f4 Nf5 8. Bf2 h5
9. Ngf3 Nd7 10. O-O a6 11. Nb3 Rc8 12. c3 c5 13. g3 c4 14. Nbd2 Be7 15. Kg2 b5
16. a3 Nb6 17. h3 Na4 18. Qc1 Kd7 19. g4 hxg4 20. hxg4 Nh6 21. Nh2 Qg8 22. Rh1
f5 23. exf6 gxf6 24. Bg3 Nf7 25. Rg1 Nd6 26. Nhf1 Ne4 27. Nxe4 Bxe4+ 28. Kf2
Rf8 29. Nd2 Bg6 30. Bf3 Bd6 31. f5 Bf7 32. Bxd6 Kxd6 33. Nf1 Qg5 34. Qxg5 fxg5
35. Rb1 Bg8 36. Ne3 Rh2+ 37. Rg2 Rxg2+ 38. Bxg2 Bh7 39. Rh1 Rf7 40. Rh6 Re7 41.
Nxd5 Re8 42. Nf6 Rh8 43. Nxh7 Nxb2 44. Rxe6+ Kc7 45. Nxg5 Nd1+ 46. Ke1 Nxc3 47.
Rxa6 Rh2 48. Bf3 Na4 49. f6 c3 50. f7 Nc5 51. Rc6+ 1-0

[Event "North American-ch U20"]
[Site "Kitchener CAN"]
[Date "2014.08.03"]
[Round "8.6"]
[White "Sapozhnikov, Roman"]
[Black "Kats, Alena"]
[Result "1-0"]
[WhiteElo "2299"]
[BlackElo "2126"]
[PlyCount "105"]
[EventDate "2014.07.31"]
[EventType "swiss"]
[EventRounds "9"]
[EventCountry "CAN"]

1. d4 d5 2. c4 c6 3. Nf3 Nf6 4. e3 e6 5. Bd3 dxc4 6. Bxc4 b5 7. Bd3 a6 8. O-O
Nbd7 9. b3 c5 10. a4 bxa4 11. bxa4 Bb7 12. Bb2 Be7 13. Nbd2 cxd4 14. Bxd4 Nc5
15. Be2 O-O 16. Qc2 Rc8 17. Rfc1 Qd5 18. Qb2 Rc7 19. Nc4 Qf5 20. Na5 Be4 21.
Qc3 Rfc8 22. Be5 Bxf3 23. Bxf3 Nce4 24. Qxc7 Rxc7 25. Bxc7 g5 26. Nc6 Bf8 27.
Nd4 Qg6 28. Be2 Nd5 29. Be5 f6 30. Bg3 Nc5 31. Bc4 Qe4 32. f3 Qxe3+ 33. Bf2 Qe5
34. Re1 Qd6 35. Rad1 Kh8 36. Nxe6 Nxe6 37. Bxd5 Nf4 38. Bb7 Qb4 39. Rd7 Qxa4
40. Rf7 Bb4 41. Rf1 Bc3 42. Be4 Ne2+ 43. Kh1 Qc4 44. Rxh7+ Kg8 45. Rb1 Bb4 46.
Rd1 Bd2 47. Rd7 Nc3 48. R1xd2 Nxe4 49. fxe4 Qxe4 50. Ra7 Qb1+ 51. Bg1 Qb8 52.
Rdd7 Qf8 53. Bb6 1-0

[Event "North American-ch U20"]
[Site "Kitchener CAN"]
[Date "2014.08.03"]
[Round "8.7"]
[White "Itkin, David"]
[Black "Calugar, Arthur"]
[Result "1-0"]
[WhiteElo "2096"]
[BlackElo "2295"]
[PlyCount "57"]
[EventDate "2014.07.31"]
[EventType "swiss"]
[EventRounds "9"]
[EventCountry "CAN"]

1. e4 c5 2. Nf3 e6 3. Nc3 Nc6 4. d4 cxd4 5. Nxd4 Qc7 6. Be2 a6 7. O-O Nf6 8.
Kh1 b5 9. f4 b4 10. e5 bxc3 11. exf6 gxf6 12. bxc3 Bb7 13. Bf3 f5 14. Be3 Na5
15. Nxf5 exf5 16. Bd4 Rg8 17. Re1+ Be4 18. Bxe4 fxe4 19. Rxe4+ Be7 20. Bf6 Nc6
21. Qd5 Rb8 22. Rae1 d6 23. Rc4 Rb6 24. Rxc6 Qxc6 25. Rxe7+ Kd8 26. Qxc6 Rxc6
27. Ra7+ Kc8 28. Ra8+ Kd7 29. Rxg8 1-0

[Event "North American-ch U20"]
[Site "Kitchener CAN"]
[Date "2014.08.03"]
[Round "8.8"]
[White "Shi, Diwen"]
[Black "Song, Michael"]
[Result "1-0"]
[WhiteElo "1934"]
[BlackElo "2252"]
[PlyCount "53"]
[EventDate "2014.07.31"]
[EventType "swiss"]
[EventRounds "9"]
[EventCountry "CAN"]

1. e4 e5 2. Nf3 Nc6 3. Nc3 Nf6 4. Bb5 Bd6 5. a3 O-O 6. d3 a6 7. Bc4 h6 8. g4
Bc5 9. h3 Nh7 10. Rg1 Ng5 11. Bxg5 hxg5 12. Qd2 Nd4 13. Nxd4 Bxd4 14. O-O-O b5
15. Bb3 c6 16. Rg2 d5 17. exd5 cxd5 18. Ne2 Bb6 19. Ng3 Be6 20. Rh1 Bc7 21.
Rgh2 e4 22. Kb1 Bf4 23. Qe2 exd3 24. Qxd3 g6 25. h4 gxh4 26. Rxh4 Be5 27. Qe3
1-0

[Event "North American-ch U20"]
[Site "Kitchener CAN"]
[Date "2014.08.03"]
[Round "8.10"]
[White "Song, Terry"]
[Black "Pamatmat, Jarod"]
[Result "1-0"]
[WhiteElo "1931"]
[BlackElo "2120"]
[PlyCount "61"]
[EventDate "2014.07.31"]
[EventType "swiss"]
[EventRounds "9"]
[EventCountry "CAN"]

1. e4 e6 2. d4 d5 3. Nc3 Nf6 4. Bg5 dxe4 5. Nxe4 Be7 6. Bxf6 gxf6 7. Nf3 f5 8.
Nc3 a6 9. Ne5 Nd7 10. f4 Nxe5 11. fxe5 b5 12. Qf3 Rb8 13. O-O-O b4 14. Ne2 Bb7
15. Qh5 Bd5 16. Kb1 c5 17. b3 c4 18. Nf4 c3 19. Nxd5 Qxd5 20. Bc4 Qa5 21. a4
bxa3 22. Ka2 Qb6 23. Rhf1 Rc8 24. Qe2 Rg8 25. h3 Bg5 26. d5 Rg6 27. dxe6 fxe6
28. Rd6 Qe3 29. Qh5 Be7 30. Qxh7 Qg5 31. Bxe6 1-0

[Event "North American-ch U20"]
[Site "Kitchener CAN"]
[Date "2014.08.03"]
[Round "8.11"]
[White "Blium, Benjamin"]
[Black "Peng, Jackie"]
[Result "0-1"]
[WhiteElo "1809"]
[BlackElo "2015"]
[PlyCount "72"]
[EventDate "2014.07.31"]
[EventType "swiss"]
[EventRounds "9"]
[EventCountry "CAN"]

1. e4 c5 2. Nf3 d6 3. d4 cxd4 4. Nxd4 Nf6 5. Nc3 g6 6. f4 Nc6 7. Nxc6 bxc6 8.
e5 Nd7 9. exd6 exd6 10. Be3 Be7 11. Be2 O-O 12. O-O Nf6 13. Bf3 d5 14. Bd4 Be6
15. Qe2 c5 16. Be5 Qd7 17. Rad1 Rae8 18. h3 d4 19. Nb5 Nd5 20. f5 gxf5 21. Bxd5
Bxd5 22. Qd3 f6 23. Bf4 Kh8 24. Nc7 Be4 25. Qc4 Rg8 26. Rd2 Rc8 27. Nb5 a6 28.
Na3 Qc6 29. Rff2 Rg6 30. g3 Bd6 31. Kf1 Rcg8 32. Ke1 Bxf4 33. gxf4 Bf3 34. Rxf3
Qxf3 35. Re2 Rg1+ 36. Kd2 Qxf4+ 0-1

[Event "North American-ch U20"]
[Site "Kitchener CAN"]
[Date "2014.08.03"]
[Round "8.12"]
[White "Fu, James"]
[Black "Li, Yinshi"]
[Result "1/2-1/2"]
[WhiteElo "2098"]
[BlackElo "1928"]
[PlyCount "100"]
[EventDate "2014.07.31"]
[EventType "swiss"]
[EventRounds "9"]
[EventCountry "CAN"]

1. e4 e6 2. Nc3 d5 3. d3 Nf6 4. e5 Nfd7 5. f4 c5 6. Nf3 Nc6 7. g3 Be7 8. Bh3 b5
9. O-O Qb6 10. Re1 g6 11. Ne2 Ba6 12. Be3 b4 13. Bf2 h5 14. Rc1 O-O 15. g4 hxg4
16. Bxg4 Kg7 17. c4 bxc3 18. bxc3 Qa5 19. Qd2 Rab8 20. Ng3 Rh8 21. Kg2 Qa3 22.
Rc2 Bb5 23. c4 dxc4 24. dxc4 Ba4 25. Rc3 Qb2 26. Re2 Qxd2 27. Rxd2 Nb6 28. Ne4
Na5 29. Nxc5 Naxc4 30. Re2 Bc6 31. Kg3 Bd5 32. Ne4 Rhc8 33. Nfg5 a5 34. Rec2
Bb4 35. Rb3 Nd2 36. Rxc8 Nxe4+ 37. Nxe4 Nxc8 38. Re3 Bxa2 39. Bd1 Ne7 40. Kg4
Bd5 41. Bh4 Ng8 42. Bf6+ Nxf6+ 43. Nxf6 Be7 44. Nxd5 exd5 45. Rd3 Rd8 46. f5
gxf5+ 47. Kxf5 Bb4 48. Rd4 Bc3 49. Rg4+ Kf8 50. e6 Rd6 1/2-1/2

[Event "North American-ch U20"]
[Site "Kitchener CAN"]
[Date "2014.08.03"]
[Round "8.14"]
[White "Ming, Wenyang"]
[Black "Virkud, Apurva"]
[Result "1-0"]
[WhiteElo "1782"]
[BlackElo "1954"]
[PlyCount "61"]
[EventDate "2014.07.31"]
[EventType "swiss"]
[EventRounds "9"]
[EventCountry "CAN"]

1. e4 c5 2. Ne2 d6 3. g3 Nc6 4. Bg2 g6 5. c3 Bg7 6. d4 cxd4 7. cxd4 Nf6 8. Nbc3
O-O 9. O-O a6 10. h3 Rb8 11. Bg5 Bd7 12. Qd2 b5 13. f4 b4 14. Nd1 Qb6 15. Ne3
Rfd8 16. Kh2 Qb5 17. d5 Na5 18. Nd4 Qb6 19. Rad1 Re8 20. e5 dxe5 21. fxe5 Nh5
22. e6 fxe6 23. dxe6 Bb5 24. Nxb5 Qxb5 25. Bxe7 Be5 26. Bh4 Nc4 27. Nxc4 Qxc4
28. e7 Kh8 29. Qd8 Rexd8 30. Rxd8+ Kg7 31. e8=Q 1-0

[Event "North American-ch U20"]
[Site "Kitchener CAN"]
[Date "2014.08.03"]
[Round "8.15"]
[White "Surya, Benito"]
[Black "Liao, Simone"]
[Result "0-1"]
[WhiteElo "1586"]
[BlackElo "2027"]
[PlyCount "82"]
[EventDate "2014.07.31"]
[EventType "swiss"]
[EventRounds "9"]
[EventCountry "CAN"]

1. d4 e6 2. Nf3 f5 3. e3 Nf6 4. Bd3 d5 5. Nbd2 Bd6 6. b3 c6 7. Bb2 O-O 8. O-O
Bd7 9. Ne5 Be8 10. f4 Nbd7 11. h3 Ne4 12. Ndf3 Bh5 13. Qe1 a5 14. Nxd7 Qxd7 15.
Ne5 Qe7 16. a3 Qd8 17. Kh2 Bxe5 18. dxe5 b5 19. Be2 Bxe2 20. Qxe2 Ra7 21. Rad1
Qh4 22. Qf3 Kh8 23. g3 Qd8 24. Qh5 g6 25. Qh6 Rg8 26. g4 Qf8 27. Qh4 Qc5 28.
Rg1 Qxc2+ 29. Rg2 Qxd1 30. Qh6 Rag7 31. Bd4 c5 32. Bb2 Qxb3 33. a4 bxa4 34. h4
a3 35. h5 axb2 36. Rg1 b1=Q 37. Rxb1 Qxb1 38. g5 Qc2+ 39. Kh3 Qf2 40. Qxh7+
Rxh7 41. h6 Qg3# 0-1

[Event "North American-ch U20"]
[Site "Kitchener CAN"]
[Date "2014.08.03"]
[Round "8.18"]
[White "Nasir, Pi"]
[Black "Cai, Jason"]
[Result "1/2-1/2"]
[WhiteElo "1854"]
[BlackElo "1850"]
[PlyCount "129"]
[EventDate "2014.07.31"]
[EventType "swiss"]
[EventRounds "9"]
[EventCountry "CAN"]

1. Nf3 c5 2. c4 Nf6 3. g3 b6 4. Bg2 Bb7 5. d3 g6 6. O-O Bg7 7. Nc3 O-O 8. Bg5
d6 9. Rb1 Nbd7 10. Qd2 Re8 11. a3 a6 12. Rfe1 Qc7 13. Rec1 Rac8 14. Ne1 e6 15.
b4 cxb4 16. axb4 Bxg2 17. Nxg2 Qb7 18. e4 Rc7 19. Bf4 Ne5 20. Bxe5 dxe5 21. Na4
Nd7 22. h4 Rec8 23. b5 a5 24. Kh2 Nc5 25. Nxc5 Rxc5 26. Qe2 Rd8 27. Rd1 Rc7 28.
g4 h6 29. Rdc1 Bf8 30. Ne3 Rcd7 31. Rc3 Bb4 32. Rcb3 Rd6 33. Nd1 Kh7 34. Nb2
Qe7 35. Kh3 f5 36. f3 Rf8 37. Rf1 Qf6 38. Rg1 fxg4+ 39. fxg4 Rd7 40. Na4 Rdf7
41. Rg3 Be7 42. g5 hxg5 43. hxg5 Qf4 44. Nxb6 Bxg5 45. Rb1 Qh4+ 46. Kg2 Rf2+
47. Qxf2 Rxf2+ 48. Kxf2 Bf4 49. Rbg1 Bxg3+ 50. Rxg3 Qf4+ 51. Rf3 Qd2+ 52. Kg3
Qe1+ 53. Kg2 Qd2+ 54. Kg3 Qb4 55. Kg4 Qb1 56. Na4 Qb4 57. Nb6 a4 58. Rf7+ Kg8
59. Ra7 Qc5 60. Ra8+ Kg7 61. Nxa4 Qg1+ 62. Kf3 Qf1+ 63. Ke3 Qe1+ 64. Kf3 Qf1+
65. Ke3 1/2-1/2

[Event "North American-ch U20"]
[Site "Kitchener CAN"]
[Date "2014.08.03"]
[Round "8.20"]
[White "Liang, Hairan"]
[Black "Zhu, Harmony"]
[Result "1/2-1/2"]
[WhiteElo "1808"]
[BlackElo "1586"]
[PlyCount "58"]
[EventDate "2014.07.31"]
[EventType "swiss"]
[EventRounds "9"]
[EventCountry "CAN"]

1. e4 c6 2. d4 d5 3. exd5 cxd5 4. Bd3 Nc6 5. c3 Nf6 6. h3 g6 7. Nf3 Bf5 8. Bxf5
gxf5 9. Bf4 Rg8 10. O-O e6 11. Ne5 Nxe5 12. Bxe5 Ne4 13. Qa4+ Qd7 14. Qxd7+
Kxd7 15. f3 Nd6 16. Re1 Nc4 17. Re2 Nxe5 18. Rxe5 Bd6 19. Re2 b5 20. Nd2 a6 21.
Nb3 Rgc8 22. Nc1 Rc4 23. a3 Rac8 24. Nd3 a5 25. Ne5+ Bxe5 26. Rxe5 Re8 27. Kf2
Rg8 28. Re2 Kd6 29. Ke1 Kd7 1/2-1/2

[Event "North American-ch U20"]
[Site "Kitchener CAN"]
[Date "2014.08.03"]
[Round "8.21"]
[White "Peng, Janet"]
[Black "Giblon, Rebecca"]
[Result "0-1"]
[WhiteElo "1655"]
[BlackElo "1740"]
[PlyCount "58"]
[EventDate "2014.07.31"]
[EventType "swiss"]
[EventRounds "9"]
[EventCountry "CAN"]

1. d4 d5 2. c4 e6 3. Nc3 c6 4. Nf3 dxc4 5. a4 Bb4 6. e3 b5 7. Bd2 a5 8. Ne5 Bb7
9. Be2 Nd7 10. Nf3 Ngf6 11. O-O Bxc3 12. Bxc3 O-O 13. Rc1 Nb6 14. axb5 cxb5 15.
Ne5 Nbd5 16. Bd2 Ne4 17. Bf3 Nxd2 18. Qxd2 f6 19. Bxd5 Bxd5 20. Nf3 Qe8 21. Qe2
Qg6 22. Rfe1 Be4 23. Kh1 a4 24. Ra1 Rfc8 25. Rec1 Qg4 26. Ra2 b4 27. Rxc4 Rxc4
28. Qxc4 Bd5 29. Qxb4 Bxa2 0-1

[Event "North American-ch U20"]
[Site "Kitchener CAN"]
[Date "2014.08.04"]
[Round "9.1"]
[White "Kleinman, Michael"]
[Black "Tang, Andrew"]
[Result "1/2-1/2"]
[WhiteElo "2278"]
[BlackElo "2258"]
[PlyCount "93"]
[EventDate "2014.07.31"]
[EventType "swiss"]
[EventRounds "9"]
[EventCountry "CAN"]

1. e4 e5 2. Nf3 Nc6 3. Bb5 a6 4. Ba4 Nf6 5. O-O Be7 6. Re1 b5 7. Bb3 d6 8. c3
O-O 9. h3 Bb7 10. d4 Qd7 11. Nbd2 Rae8 12. d5 Na5 13. Bc2 c6 14. b4 Nc4 15.
Nxc4 bxc4 16. dxc6 Bxc6 17. Qe2 Rc8 18. Bg5 Bb7 19. Rad1 Qe6 20. a3 Rfd8 21.
Bxf6 Bxf6 22. Nh2 Bg5 23. Ng4 Qg6 24. Qf3 h5 25. Ne3 Bxe3 26. Qxe3 d5 27. Rd2
dxe4 28. Bxe4 Bxe4 29. Rxd8+ Rxd8 30. Qxe4 Qxe4 31. Rxe4 f6 32. g4 hxg4 33.
hxg4 Rd1+ 34. Kg2 Ra1 35. Rxc4 Rxa3 36. Rc5 Kf7 37. Kf3 Kg6 38. Ke4 Kg5 39. f4+
Kxg4 40. fxe5 fxe5 41. Kxe5 g5 42. Kf6 Kf4 43. Rc4+ Ke3 44. Kxg5 Kd3 45. Rc6
Rxc3 46. Rxa6 Rb3 47. Rb6 1/2-1/2

[Event "North American-ch U20"]
[Site "Kitchener CAN"]
[Date "2014.08.04"]
[Round "9.2"]
[White "Song, Edward"]
[Black "Sapozhnikov, Roman"]
[Result "1-0"]
[WhiteElo "2258"]
[BlackElo "2299"]
[PlyCount "113"]
[EventDate "2014.07.31"]
[EventType "swiss"]
[EventRounds "9"]
[EventCountry "CAN"]

1. Nf3 Nf6 2. c4 g6 3. Nc3 Bg7 4. e4 d6 5. d4 O-O 6. Be2 e5 7. O-O Na6 8. Be3
Ng4 9. Bg5 Qe8 10. dxe5 dxe5 11. h3 f6 12. Bc1 Nh6 13. a3 Nc5 14. b4 Ne6 15. c5
f5 16. Bc4 Kh8 17. Re1 f4 18. Bb2 Nf7 19. Be2 c6 20. Na4 Neg5 21. Nd2 h5 22.
Bc3 Qe7 23. Bf1 Be6 24. Nb2 Rad8 25. f3 Bf6 26. Bc4 Bc8 27. Qc2 Nh7 28. Kf1 Bh4
29. Red1 Nhg5 30. Ke2 Ne6 31. Nb3 Qg5 32. Kf1 Qe7 33. Rxd8 Rxd8 34. Rd1 Rg8 35.
Ke2 Bf6 36. Kd2 b6 37. cxb6 axb6 38. Kc1 c5 39. Be1 Nd6 40. Bd5 Rd8 41. bxc5
bxc5 42. Ba5 Re8 43. Bc6 Rf8 44. Nc4 Nd4 45. Nxd4 exd4 46. Bd5 Ba6 47. Be1 Nxc4
48. Bxc4 d3 49. Rxd3 Qa7 50. Bc3 Bd4 51. Bxa6 Qxa6 52. Bxd4+ cxd4 53. Kd2 Rc8
54. Qb2 Qa5+ 55. Qb4 Qxb4+ 56. axb4 Rc4 57. Rb3 1-0

[Event "North American-ch U20"]
[Site "Kitchener CAN"]
[Date "2014.08.04"]
[Round "9.5"]
[White "Sohal, Tanraj"]
[Black "Itkin, David"]
[Result "1/2-1/2"]
[WhiteElo "2186"]
[BlackElo "2096"]
[PlyCount "84"]
[EventDate "2014.07.31"]
[EventType "swiss"]
[EventRounds "9"]
[EventCountry "CAN"]

1. d4 Nf6 2. c4 g6 3. Nc3 Bg7 4. e4 d6 5. Nf3 O-O 6. Be2 e5 7. O-O exd4 8. Nxd4
Re8 9. f3 c6 10. Kh1 Nbd7 11. Bf4 Ne5 12. Qd2 Qc7 13. Rad1 a6 14. Nc2 Be6 15.
b3 b5 16. cxb5 axb5 17. Bg5 Ned7 18. Qxd6 Qxd6 19. Rxd6 Nh5 20. Bd2 Bxc3 21.
Bxc3 Rxa2 22. Nd4 Nf4 23. Bd1 Nc5 24. Rxc6 Ncd3 25. Bc2 Rd8 26. Bxd3 Nxd3 27.
Nxe6 fxe6 28. Rxe6 b4 29. Bf6 Nf2+ 30. Kg1 Rdd2 31. Be5 Nd3 32. Bg3 Rxg2+ 33.
Kh1 Rgb2 34. f4 Nc5 35. Re7 Nxb3 36. f5 Nd4 37. Rd1 gxf5 38. exf5 Rd2 39. Rxd2
Rxd2 40. f6 Nf5 41. Rb7 Nxg3+ 42. hxg3 Rf2 1/2-1/2

[Event "North American-ch U20"]
[Site "Kitchener CAN"]
[Date "2014.08.04"]
[Round "9.6"]
[White "Cao, Jason"]
[Black "Song, Terry"]
[Result "1-0"]
[WhiteElo "2177"]
[BlackElo "1931"]
[PlyCount "79"]
[EventDate "2014.07.31"]
[EventType "swiss"]
[EventRounds "9"]
[EventCountry "CAN"]

1. e4 c5 2. Nf3 d6 3. d4 cxd4 4. Nxd4 Nf6 5. Nc3 a6 6. Be3 e5 7. Nb3 Be7 8. h3
Be6 9. f4 Qc7 10. f5 Bd7 11. g4 Bc6 12. Bg2 Nfd7 13. g5 Nb6 14. Qe2 Na4 15.
Nxa4 Bxa4 16. O-O-O Nd7 17. Kb1 O-O-O 18. h4 Bb5 19. Qf2 f6 20. Bf3 Kb8 21.
Rhg1 a5 22. a3 a4 23. Nc1 Nc5 24. Na2 Bc6 25. Nc3 b6 26. Qe2 Qb7 27. Nd5 Bxd5
28. Rxd5 b5 29. Qd2 Qc6 30. Rd1 Na6 31. Be2 Nc7 32. Bxb5 Qb7 33. Qa5 Qa8 34.
Qb4 Nxd5 35. Rxd5 Qb7 36. Qa5 Qa8 37. Ba6 Qc6 38. Rb5+ Ka8 39. Bc8+ Qa6 40.
Qxa6# 1-0

[Event "North American-ch U20"]
[Site "Kitchener CAN"]
[Date "2014.08.04"]
[Round "9.7"]
[White "Kats, Alena"]
[Black "Nasir, Zehn"]
[Result "1/2-1/2"]
[WhiteElo "2126"]
[BlackElo "1918"]
[PlyCount "128"]
[EventDate "2014.07.31"]
[EventType "swiss"]
[EventRounds "9"]
[EventCountry "CAN"]

1. e4 c6 2. d4 d5 3. Nc3 dxe4 4. Nxe4 Bf5 5. Ng3 Bg6 6. h4 h6 7. Nf3 Nd7 8. h5
Bh7 9. Bd3 Bxd3 10. Qxd3 e6 11. Bd2 Ngf6 12. O-O-O Be7 13. Qe2 Qb6 14. Rh3 Qb5
15. Qe1 O-O 16. Ne5 Rfd8 17. Nf1 Qd5 18. Kb1 Qxd4 19. Bc3 Qb6 20. Ba5 Qb5 21.
Bxd8 Rxd8 22. Nxd7 Rxd7 23. Rb3 Qa6 24. Ne3 b5 25. Qe2 Qc8 26. Ng4 Nd5 27. Ne5
Rd8 28. Qf3 f5 29. g4 Bf6 30. Ng6 c5 31. gxf5 c4 32. Rxb5 Qd7 33. Rbxd5 exd5
34. c3 a5 35. Qh3 a4 36. a3 Qd6 37. Qg3 Qb6 38. Qe3 Qb3 39. Rxd5 Rb8 40. Qd2
Kh7 41. Ne5 Qxa3 42. Nxc4 Qb3 43. Na5 Qb6 44. Nc4 Qc6 45. Qd3 Qb7 46. Rd7 Qb3
47. Ra7 Rd8 48. Nd6 Qb8 49. Ra6 a3 50. b4 Qc7 51. Qc4 Qxc4 52. Nxc4 Bxc3 53. b5
Bd4 54. Rxa3 Rd5 55. Rb3 Bxf2 56. b6 Bxb6 57. f6 Rxh5 58. Rxb6 gxf6 59. Rxf6
Kg7 60. Rc6 Rd5 61. Ne3 Rg5 62. Kc2 h5 63. Kd3 h4 64. Rc4 Rh5 1/2-1/2

[Event "North American-ch U20"]
[Site "Kitchener CAN"]
[Date "2014.08.04"]
[Round "9.9"]
[White "Peng, Jackie"]
[Black "Cormier, Adam"]
[Result "1/2-1/2"]
[WhiteElo "2015"]
[BlackElo "2019"]
[PlyCount "32"]
[EventDate "2014.07.31"]
[EventType "swiss"]
[EventRounds "9"]
[EventCountry "CAN"]

1. e4 c5 2. Nf3 d6 3. d4 cxd4 4. Nxd4 Nf6 5. Nc3 a6 6. Be2 e5 7. Nb3 Be7 8. Be3
Be6 9. O-O Nbd7 10. f4 exf4 11. Bxf4 Ne5 12. Kh1 O-O 13. Nd4 Rc8 14. Nxe6 fxe6
15. a4 Qb6 16. Rb1 Nc4 1/2-1/2